Posúdenie ohrozenia zamestnancov pri oprave a údržbe servomotorov

Uložené v:
Podrobná bibliografia
Hlavný autor: Černek, Milan (Autor)
Ďalší autori: Szabová, Zuzana (Vedúci práce)
Médium: Rukopis Kniha
Jazyk:Slovak
Vydavateľské údaje: 2020
Predmet:
On-line prístup:http://is.stuba.sk/zp/portal_zp.pl?podrobnosti=134449
Tagy: Pridať tag
Žiadne tagy, Buďte prvý, kto otaguje tento záznam!

MARC

LEADER 00000ntm a22000003a 4500
001 stuzp74042
003 SK-STU
005 20200718210314.0
007 ta
008 150427s2015----xo-----f-mn---000-0-slo-d
040 |a STU  |b slo 
041 0 |a slo 
100 1 |a Černek, Milan  |u 065000  |4 aut  |U MTF Materiálovotechnologická fakulta  |T MTF Ústav integrovanej bezpečnosti  |X 85567  |U M5000  |Y 85  |7 85567 
242 0 1 |a Assessing risks to employees in the repair and maintenance of servomotors  |y eng 
245 1 0 |a Posúdenie ohrozenia zamestnancov pri oprave a údržbe servomotorov 
260 |c 2020 
650 4 |a kontrolný zoznam  |2 slo 
650 4 |a servomotor  |2 slo 
650 4 |a oprava a údržba  |2 slo 
650 4 |a bezpečnosť  |2 slo 
650 4 |a bodová metóda  |2 slo 
650 4 |a servomotor  |2 eng 
650 4 |a repair and maitenance  |2 eng 
650 4 |a checklist  |2 eng 
650 4 |a point method  |2 eng 
650 4 |a safety  |2 eng 
700 1 |a Szabová, Zuzana  |u 065200  |k Z1  |4 ths  |U MTF Ústav integrovanej bezpečnosti  |T MTF Katedra bezpečnostného inžinierstva  |X 4741  |U M5200  |Y 192  |7 A000004741 
856 4 |u http://is.stuba.sk/zp/portal_zp.pl?podrobnosti=134449 
996 |c M* BP-8795  |l MMSKP  |s P  |a 0  |w stuzp74042_0001